000 00397nam a2200157Ia 4500
008 230711s9999||||xx |||||||||||||| ||und||
041 _aENG
082 _a720
_bMA-S
100 _aRichard M. McGarry
245 0 _aScale elements for design elevation
250 _a1st Ed.
260 _c1991
_aNew York
_bVan Nostrand Reinhold Co.
650 _aArchitecture
700 _aGreg Madsen
942 _cBK
999 _c2234
_d2234